Statistics for Choose the Sovereign States

Click here to take the quiz!

General Stats

  • This quiz has been taken 56 times
  • The average score is 12 of 20

Answer Stats

QuestionTileSelect% Correct
sovereign statesBougainvilleNo
95%
sovereign statesJerseyNo
95%
sovereign statesSardiniaNo
95%
sovereign statesTokelauNo
95%
sovereign statesZanzibarNo
95%
sovereign statesÅlandNo
93%
sovereign statesNew CaledoniaNo
91%
sovereign statesArubaNo
88%
sovereign statesHong KongNo
81%
sovereign statesTaiwanYes
77%
sovereign statesKosovoYes
74%
sovereign statesMicronesiaYes
72%
sovereign statesPalestineYes
35%
sovereign statesNorthern CyprusYes
26%
sovereign statesSomalilandYes
23%
sovereign statesAbkhaziaYes
19%
sovereign statesArtsakhYes
14%
sovereign statesTransnistriaYes
14%
sovereign statesNiueYes
12%
sovereign statesCook IslandsYes
7%

Score Distribution

Percentile by Number Answered

Percent of People with Each Score

Your Score History

You have not taken this quiz